Variational and Hamiltonian control systems /

Bibliographic Details
Main Author: Crouch, P. E.
Other Authors: Schaft, A. J. van der
Format: Book
Language:English
Published: Berlin ; New York : Springer-Verlag, [1987]
Series:Lecture notes in control and information sciences ; 101.
Subjects:

MARC

Tag First Indicator Second Indicator Subfields
LEADER 00000cam a2200000 a 4500
001 in00000008876
005 20151004060010.0
008 870908s1987 wb b 00010 eng
010 |a  87026421  
020 |a 0387183728 (U.S. : pbk.) 
035 |a (OCoLC)16755421 
035 |9 AAA1288AM 
040 |a DLC  |c DLC  |d TXA  |d UtOrBLW 
049 |a TXAM  |c [A12618468] 
050 0 0 |a QA402.3  |b .C74 1987 
082 0 |a 629.8/312  |2 19 
100 1 |a Crouch, P. E. 
245 1 0 |a Variational and Hamiltonian control systems /  |c P.E. Crouch, A.J. Van der Schaft. 
264 1 |a Berlin ;  |a New York :  |b Springer-Verlag,  |c [1987] 
264 4 |c ©1987 
300 |a 121 pages ;  |c 25 cm. 
336 |a text  |b txt  |2 rdacontent 
337 |a unmediated  |b n  |2 rdamedia 
338 |a volume  |b nc  |2 rdacarrier 
490 1 |a Lecture notes in control and information sciences ;  |v 101 
504 |a Bibliography: pages [116]-121. 
650 0 |a Control theory. 
650 0 |a Calculus of variations. 
650 0 |a Hamiltonian systems. 
700 1 |a Schaft, A. J. van der. 
830 0 |a Lecture notes in control and information sciences ;  |v 101. 
999 |a MARS 
999 f f |s d6d282a4-9b26-3d05-8f49-8414071576f5  |i 637cca5b-1291-3c79-a0ea-3a97c5fa5d8f  |t 0 
952 f f |p ric  |a Texas A&M University  |b Rellis Campus  |c Joint Library Facility  |d Remote Storage  |t 0  |e QA402.3 .C74 1987  |h Library of Congress classification  |i unmediated -- volume  |m A14812618468 
998 f f |a QA402.3 .C74 1987  |t 0  |l Remote Storage